<?xml version='1.0' encoding='UTF-8'?>
  <record xmlns="http://www.loc.gov/MARC21/slim">
    <leader>00000cam a22000007i 4500</leader>
    <controlfield tag="001">ocm63989609</controlfield>
    <controlfield tag="003">OCoLC</controlfield>
    <controlfield tag="005">20250802081812.4</controlfield>
    <controlfield tag="008">840828s1830    ne            000 0 dut d</controlfield>
    <datafield tag="040" ind1=" " ind2=" ">
      <subfield code="a">NLGGC</subfield>
      <subfield code="b">dut</subfield>
      <subfield code="e">fobidrtb</subfield>
      <subfield code="c">NLGGC</subfield>
      <subfield code="d">WURST</subfield>
      <subfield code="d">OCLCA</subfield>
      <subfield code="d">OCLCO</subfield>
      <subfield code="d">OCLCL</subfield>
      <subfield code="d">OCLCQ</subfield>
    </datafield>
    <datafield tag="029" ind1="0" ind2=" ">
      <subfield code="a">NLGGC</subfield>
      <subfield code="b">842680403</subfield>
    </datafield>
    <datafield tag="035" ind1=" " ind2=" ">
      <subfield code="a">(OCoLC)63989609</subfield>
    </datafield>
    <datafield tag="041" ind1="1" ind2=" ">
      <subfield code="a">dut</subfield>
      <subfield code="h">ger</subfield>
    </datafield>
    <datafield tag="100" ind1="1" ind2=" ">
      <subfield code="a">Balassa, Constantin,</subfield>
      <subfield code="d">1795-1862.</subfield>
      <subfield code="1">https://id.oclc.org/worldcat/entity/E39PBJf8t7pbwJxGjTH6MgbKh3</subfield>
    </datafield>
    <datafield tag="245" ind1="1" ind2="4">
      <subfield code="a">Het hoefbeslag zonder dwang :</subfield>
      <subfield code="b">eene verhandeling over de wijze, om gevoelige, kwaadaardige en geheel bedorvene paarden, welke tot dus ver alleen door aanwending van dwangmiddelen konden worden beslagen, binnen een uur tijds zoo ver te brengen, dat zij zulks goedwillig laten doen en hunne weerspannigheid voor altijd afleggen : volgens beredeneerde grondbeginselen, berustende op de zielshoedanigheden des paards /</subfield>
      <subfield code="c">door Constantin Balassa ; met bijvoegsels van Klatte ; uit het Hoogduitsch vert. door J.W.A. [=J.A.W.] Hart ; met eene voorrede van A. Numan.</subfield>
    </datafield>
    <datafield tag="260" ind1=" " ind2=" ">
      <subfield code="a">'s Gravenhage [etc.] :</subfield>
      <subfield code="b">Gebroeders van Cleef,</subfield>
      <subfield code="c">1830.</subfield>
    </datafield>
    <datafield tag="300" ind1=" " ind2=" ">
      <subfield code="a">[IV], 82 p., 7 bl. pl. (uitsl.) ;</subfield>
      <subfield code="c">19 cm.</subfield>
    </datafield>
    <datafield tag="336" ind1=" " ind2=" ">
      <subfield code="a">tekst</subfield>
      <subfield code="b">txt</subfield>
      <subfield code="2">rdacontent/dut</subfield>
    </datafield>
    <datafield tag="337" ind1=" " ind2=" ">
      <subfield code="a">zonder medium</subfield>
      <subfield code="b">n</subfield>
      <subfield code="2">rdamedia/dut</subfield>
    </datafield>
    <datafield tag="338" ind1=" " ind2=" ">
      <subfield code="a">band</subfield>
      <subfield code="b">nc</subfield>
      <subfield code="2">rdacarrier/dut</subfield>
    </datafield>
    <datafield tag="530" ind1=" " ind2=" ">
      <subfield code="a">Titel is geselecteerd voor digitalisering voor de Universiteit van Amsterdam in het kader van het Google Books-project.</subfield>
    </datafield>
    <datafield tag="653" ind1="1" ind2="0">
      <subfield code="a">Animal Husbandry (General)</subfield>
    </datafield>
    <datafield tag="653" ind1="1" ind2="0">
      <subfield code="a">Dierhouderij (algemeen)</subfield>
    </datafield>
    <datafield tag="700" ind1="1" ind2=" ">
      <subfield code="a">Klatte.</subfield>
    </datafield>
    <datafield tag="700" ind1="1" ind2=" ">
      <subfield code="a">Hart, Johan Anton Willem,</subfield>
      <subfield code="d">1802-1851.</subfield>
      <subfield code="1">https://id.oclc.org/worldcat/entity/E39PCjxjcjKDCP8JJTcpX4XHfm</subfield>
    </datafield>
    <datafield tag="700" ind1="1" ind2=" ">
      <subfield code="a">Numan, A.</subfield>
      <subfield code="q">(Alexander),</subfield>
      <subfield code="d">1780-1852.</subfield>
      <subfield code="1">https://id.oclc.org/worldcat/entity/E39PBJkTdxCC3vm7tgdg7MCRKd</subfield>
    </datafield>
    <datafield tag="710" ind1="0" ind2=" ">
      <subfield code="a">Cleef, Gebroeders van ('s-Gravenhage ; Amsterdam)</subfield>
      <subfield code="4">prt</subfield>
      <subfield code="0">(NL-LeOCL)077136039</subfield>
    </datafield>
    <datafield tag="758" ind1=" " ind2=" ">
      <subfield code="a">Het hoefbeslag zonder dwang (Text)</subfield>
      <subfield code="1">https://id.oclc.org/worldcat/entity/E39PCG4ryBB4m3TKJhc8DDPcGd</subfield>
      <subfield code="4">https://id.oclc.org/worldcat/ontology/hasWork</subfield>
    </datafield>
    <datafield tag="776" ind1="0" ind2=" ">
      <subfield code="t">Het hoefbeslag zonder dwang</subfield>
      <subfield code="w">(NL-LeOCL)396998011</subfield>
    </datafield>
    <datafield tag="936" ind1=" " ind2=" ">
      <subfield code="a">BATCHLOAD</subfield>
    </datafield>
  </record>